Room temperature prevulcanized NR latex compounds for better latex-based products (Record no. 67236)
[ view plain ]
| 000 -LEADER | |
|---|---|
| fixed length control field | 01411nam a2200181Ia 4500 |
| 100 ## - MAIN ENTRY--AUTHOR NAME | |
| Personal name | Sasidharan K K |
| 245 #0 - TITLE STATEMENT | |
| Title | Room temperature prevulcanized NR latex compounds for better latex-based products |
| 260 ## - PUBLICATION, DISTRIBUTION, ETC. (IMPRINT) | |
| Name of publisher | Rubber Asia Margma |
| Year of publication | 2016 |
| 300 ## - PHYSICAL DESCRIPTION | |
| Number of Pages | 122-125 |
| 520 ## - SUMMARY, ETC. | |
| Summary, etc | Room temperature prevulcanized natural rubber latex prepared by a combination of accelerator systems was investigated with zinc diethyl dithiocarbamate/zinc dibutyl dithiocarbamate/sodium dibutyl dithio carbamate/zinc isopropyl xanthate/zinc 2-mercaptobenzothiazole (ZDEC/ZDBC/SDBC/ZIX/ZMBT). The colloidal stability and mechanical properties of the room temperature prevulcanized latex compound was investigated. The mechanical properties of prevulcanized latex compound was compared with that of a ZDEC system using heating method 60 degree C for 4h. The first combination of room temperature system using ZDEC/ZDBC/ZMBT (RT1), second ZDEC/ZIX/ZMBT (RT2) and third ZDEC/SDBC/ZMBT (RT3). The test result showed that RT1, RT2, and RT3 can bring about prevulcanization at room temperature. The latex film prepared from the room temperature prevulcanized latex compound gives better clarity than conventional prevulcanized samples. |
| 650 ## - SUBJECT ADDED ENTRY--TOPICAL TERM | |
| Topical Term | Accelerator |
| 650 ## - SUBJECT ADDED ENTRY--TOPICAL TERM | |
| Topical Term | Compounding |
| 650 ## - SUBJECT ADDED ENTRY--TOPICAL TERM | |
| Topical Term | Crosslinking |
| 650 ## - SUBJECT ADDED ENTRY--TOPICAL TERM | |
| Topical Term | Prevulcanization |
| 650 ## - SUBJECT ADDED ENTRY--TOPICAL TERM | |
| Topical Term | Swelling |
| 942 ## - ADDED ENTRY ELEMENTS (KOHA) | |
| Koha item type | Journals |
| Withdrawn status | Lost status | Damaged status | Not for loan | Home library | Current library | Shelving location | Date acquired | Serial Enumeration / chronology | Koha item type |
|---|---|---|---|---|---|---|---|---|---|
| Journals | RRII Library | RRII Library | Rubber technology | 17/12/2021 | Volume Spl, Issue Sept | Journals |